The torrens system in New South Wales

Bibliographic Details
Main Authors: Woodman, R. A. (Author), Grimes, P. J. (Author)
Format: Book
Language:English
Published: Sydney : The Law Book Company 1974
Edition:Second edition
Subjects:

MARC

LEADER 00000cam a2200000 7i4500
001 0000003573
005 20240927.0
008 231123 at eng
020 |a 0455192855 (hbk) 
040 |a INS   |b eng   |e rda 
090 0 0 |a HD1206   |b .W66 1974 
100 1 |a Woodman, R. A. ,   |e author 
245 1 4 |a The torrens system in New South Wales   |c by R. A. Woodman and P. J. Grimes 
250 |a Second edition 
264 1 |a Sydney :   |b The Law Book Company   |c 1974 
264 4 |c ©1974 
300 |a xxxii, 503 pages ;   |c 25 cm. 
336 |a text  |2 rdacontent 
337 |a unmediated  |2 rdamedia 
338 |a volume  |2 rdacarrier 
500 |a At head of title: Baalman 
500 |a Includes index 
650 0 |a Torrens system 
700 1 |a Grimes, P. J. ,   |e author 
999 |a 0000001171   |b BOOK   |c Open Shelf   |e Default branch